01179nam a2200241 i 450000100060000000300090000600500170001500700030003200800410003508000100007610000370008624501760012326000640029930000220036350000640038550502930044961000450074265000300078770000390081770000340085671000220089085200250091219034ES-MaACL20250815062558.0t|020527s1883 sp |||| | spa d a930.91 aMoreno Nieto, José,d1825-188210aCurso de historia universal b: conferencias / cpronunciadas por los señores don José Moreno Nieto, don Juan Vilanova y don Eduardo Saavedra durante el curso de 1882. aMadrid : b[s.n.], c1883 (fTip. de Manuel G. Hernández) a103 p. ; c24 cm. aPrecede al tit.: Ateneo Científico y Literario de Madrid.8 aContiene: ; tPrimera conferencia, 3 de enero de 1882. Introducción por José Moreno Nieto (p.1-20) ; tSegunda conferencia, 17 de enero de 1882. Tiempos prehistóricos por Juan Vilanova (p. 21-73) ; tTercera conferencia, 24 de enero de 1882. Oriente por Eduardo Saavedra (p. 75-103)27aAteneo de Madrid-vConferencias-yS.XIX. 7aHistoria universal2embne1 aVilanova y Piera, Juan,d1821-18931 aSaavedra, Eduardo,d1829-19122 aAteneo de Madrid. aES-MaACLjT-380-F-13